000 01212nam a2200217Ia 4500
003 Ost
005 20260416102355.0
008 260416s9999||||xx |||||||||||||| ||und||
040 _cfsecg
041 _aara
082 _a510
100 _aمستوي، عادل
_eمؤلف
245 0 _aدروس و تمارين تطبيقية في مقياس رياضيات المؤسسة /
_c عادل مستوي
260 _aالجزائر
_bجامعة الجزائر3: كلية العلوم الإقتصادية، العلوم التجارية وعلوم التسيير
_c2020
300 _a92 ورقة
_bايضاحات
_c30 سم
504 _aمراجع ص.91
520 _aالتعريف بالنماذج الرياضية و الكمية و الصياغة الرياضية للبرامج الخطية و حل البرنامج الخطي بالطريقة البيانية و حل البرنامج الخطي بطريقة سيمبلكس ، البرنامج الثنائي و مسائل اللنقل .
653 _aالرياضيات
710 _aجامعة الجزائر3: كلية العلوم الإقتصادية، العلوم التجارية وعلوم التسيير
_eناشر علمي
942 _cHANDOUT
999 _c41177
_d41177